LEADER 00741nam0 2200241 450 001 000010843 005 20080508140237.0 100 $a20080508d1911----km-y0itay50------ba 101 0 $aita 102 $aIT 105 $aa-------001-y 200 1 $a<>navigazione interna in Italia e all'estero$fCarlo Valentini 210 $aBologna$cZanichelli$d1911 215 $aXI, 338 p.$cill.$d17 cm 225 2 $aBiblioteca di cultura popolare 410 0$12001$aBiblioteca di cultura popolare 676 $a386$v20 700 1$aValentini,$bCarlo$05886 801 0$aIT$bUNIPARTHENOPE$c20080508$gRICA$2UNIMARC 912 $a000010843 951 $a386/104$cNAVA1 996 $aNavigazione interna in Italia e all'estero$9114955 997 $aUNIPARTHENOPE